Normal view
MARC view
Entry Topical Term
001 - CONTROL NUMBER
- control field: 4842
003 - CONTROL NUMBER IDENTIFIER
- control field: BD-RjUL
005 - DATE AND TIME OF LATEST TRANSACTION
- control field: 20220915160030.0
008 - FIXED-LENGTH DATA ELEMENTS
- fixed length control field: 220915|| aca||aabn | a|a d
040 ## - CATALOGING SOURCE
- Original cataloging agency: BD-RjUL
- Transcribing agency: BD-RjUL
150 ## - HEADING--TOPICAL TERM
- Topical term or geographic name entry element: Anthropometric
- Form subdivision: Reproductive
670 ## - SOURCE DATA FOUND
- Source citation: Work cat.: (BD-RjUL)80372: Karim, Md. Rezaul, Anthropometric Study of the Shantal Community in Rajshahi District /, 2006